| 000 | 01828cam a22005054i 4500 | ||
|---|---|---|---|
| 003 | PE-LiUPU | ||
| 005 | 20250731165544.0 | ||
| 008 | 150625s r 000 0 d | ||
| 035 | _a(Sirsi) a33858 | ||
| 035 | _a(Sirsi) a33858 | ||
| 040 |
_aPE-LiUPU _bspa _cPE-LiUPU _erda |
||
| 082 | 0 | 4 |
_a221.7 _bTOT _221 |
| 100 | 1 |
_aKidner, Derek, _eautor. |
|
| 245 | 1 | 0 |
_aEzra y Nehemiah / _cDerek Kidner. |
| 264 | 1 |
_aDowners Grove, Illinois : _bInter-varsity press, _c1979. |
|
| 300 | _a | ||
| 336 |
_atext _2rdacontent |
||
| 337 |
_aunmediated _2rdamedia |
||
| 338 |
_avolume _2rdacarrier |
||
| 500 |
_aTyndale Old Testament commentaries _v11. |
||
| 505 | 0 | _aEzra and Nehemiah in the setting of their times. -The religious policy of the Persian King. -Some leading themes of Ezra-Nehemiah. -Comentery on Ezra. -Comentary on Nehemiah. -Apendices. | |
| 526 | _aSEG44 | ||
| 526 | _aSEG26 | ||
| 526 | _aP151 | ||
| 526 | _aP150 | ||
| 526 | _aP149 | ||
| 526 | _aP146 | ||
| 526 | _aP145 | ||
| 526 | _aP126 | ||
| 526 | _aP125 | ||
| 526 | _aP92 | ||
| 526 | _aP75 | ||
| 526 | _aP74 | ||
| 526 | _aP27 | ||
| 526 | _aP15 | ||
| 630 |
_aBiblia. _pA.T. _pEsdras _xComentarios. |
||
| 630 |
_aBiblia. _pA.T. _pNehemías _xComentarios. |
||
| 910 | _a | ||
| 942 |
_2ddc _cBOOK |
||
| 949 |
_aRC 221.7 TOT 11 _wDEWEY _c1 _i37715 _lRC _mBUL _r0 _sY _tBOOK _u2015-6-25 _xBIBLIOTECA _zUNKNOWN _0COMPRA _o.CIRCNOTE. No olvidar cambiar la fecha de devolución!!!!!!! _o.STAFF. Colección General |
||
| 994 |
_aC0 _bPEPRU |
||
| 596 | _a1 | ||
| 999 |
_aRC 221.7 TOT 11 _wDEWEY _c41651 _i37715 _d41651 _e2015-9-30 _f2021-11-8 _g6 _lCCODEBUL1 _mBUL _n1 _q3 _r1 _sY _tBOOK _u2015-6-25 _xTEOLOGIA _zUNKNOWN _0COMPRA _o.CIRCNOTE. No olvidar cambiar la fecha de devolución!!!!!!! _o.STAFF. Colección General |
||
| 980 |
_81 _gALBERTO SANCHEZ Responsable de Automatización |
||